Statystyki dla Który kraj jest najludniejszy?

Kliknij tutaj aby rozwiązać quiz!

Ogólne statystyki

  • Ten quiz został rozwiązany 200 razy
  • Średni wynik to 5 z 15

Statystyki odpowiedzi

ZagadnienieOdpowiedź% Poprawnych
Który KONTYNENT jest najludniejszy z tych?Afryka
73%
Który kraj jest najludniejszy z tych?Brazylia
47%
Który kraj jest najludniejszy z tych?Wielka Brytania
43%
Który kraj jest najludniejszy z tych?Filipiny
42%
Który kraj jest najludniejszy z tych?Filipiny
40%
Który kraj jest najludniejszy z tych?Kolumbia
40%
Który kraj jest najludniejszy z tych?Etiopia
37%
Który kraj jest najludniejszy z tych?Turcja
37%
Który kraj jest najludniejszy z tych?Afganistan
30%
Który kraj jest najludniejszy z tych?Laos
26%
Który kraj jest najludniejszy z tych?Tuvalu
24%
Który kraj jest najludniejszy z tych?Gwatemala
23%
Który kraj jest najludniejszy z tych?Mołdawia
21%
Który kraj jest najludniejszy z tych?Czechy
20%
Który kraj jest najludniejszy z tych?Malediwy
17%

Rozkład punktacji

Percentyl według liczby udzielonych odpowiedzi

Procent ludzi z każdym wynikiem

Twoja historia wyników

Nie rozwiązałeś tego quizu